00323cam a22001217a 4500008004000000082001600040100001900056245005900075260002800134300001000162500000900172650002000181180718b1961 xxu||||| |||| 00| 0 eng d aA6x675 H392 aHennessy, M.N. aCongo: a brief history and appraisalcby M.N. Hennessy aLondonbPall Mallc1961 a148p. a12/6 aCongo - History